|
|
|
|
| LEADER |
00000nab a2200000uu 4500 |
| 001 |
vtls010900777 |
| 003 |
SK-MaSNL |
| 005 |
20260303141824.0 |
| 008 |
230222|1979 xo |||||||||||||||||ger| |
| 015 |
|
|
|a SNBRB
|
| 035 |
|
|
|a (urnnbn)urn:nbn:sk:snk:ar-a07lzx
|
| 035 |
|
|
|a (uuid)c7cbabc1-9b87-4808-8c4a-cad14c06be6f
|
| 035 |
|
|
|a urn:nbn:sk:snk-ab8sfa
|
| 040 |
|
|
|a SNKBUCL
|b slo
|c SNKBUCL
|e AACR2
|
| 041 |
0 |
|
|a ger
|
| 044 |
|
|
|a xo
|c SK
|
| 100 |
1 |
|
|a Žák, B.
|4 aut
|9 1161601
|
| 245 |
1 |
0 |
|a Abhängigkeit der Bodentemperatur von der Bewölkungsmenge auf Grund von Messungen in Bratislava
|c B. Žák, M. Konček
|
| 700 |
1 |
|
|a Konček, M.
|4 trl
|9 418808
|
| 773 |
0 |
|
|t Acta Facultatis rerum naturalium Universitatis Comenianae
|g Roč. 9, č. 9 (1979), s. 1-22
|
| 958 |
|
|
|a OND
|
| 958 |
|
|
|a EUIPO
|
| 958 |
|
|
|a article10
|
| 999 |
|
|
|c 1979049
|d 1980979
|